Los fichajes más caros del fútbol - Porteros - Estadísticas

Estadísticas generales
  • Esta prueba ha sido intentada 168 veces
  • La puntuación promedio es 9 de 10
Estadísticas de respuestas
Coste (M €) Temporada Nacionalidad Último club Nuevo club Jugador % Correcto
62,50 2018-2018 Brazil AS Roma Liverpool Alisson
99%
80,00 2018-2019 Spain Athletic Chelsea Kepa Arrizabalaga
99%
52,88 2001-2002 Italy AC Parma Juventus Gianluigi Buffon
98%
30,00 2011-2012 Germany FC SChalke 04 Bayern Múnich Manuel Neuer
97%
35,00 2018-2019 Belgium Chelsea Real Madrid Thibaut Courtois
96%
50,20 2023-2024 Cameroon Inter Manchester United André Onana
93%
40,00 2017-2018 Brazil Benfica Manchester City Ederson
92%
35,00 2019-2020 Netherlands FC Barcelona Valencia CF Jasper Cillessen
86%
28,50 2017-2018 England Sunderland Everton Jordan Pickford
86%
28,70 2023-2024 Spain Brighton Chelsea Robert Sánchez
79%
No se encontraron pruebas coincidentes
Distribución de puntuación
Porcentaje de gente con cada puntuación
Porcentaje por número respondido
Historial de tus puntuaciones
No has intentado esta prueba.